000 nam a22 7a 4500
999 _c48099
_d48099
005 20170106115131.0
008 170106b xxu||||| |||| 00| 0 eng d
020 _a9781292153599
040 _cDLC
082 _a004.6 KUR
100 _aKeith W. Ross
245 _aComputer Networking: a top down approach /
_cJames F. Kurose
250 _a7th ed.
260 _a(Boston)
_bPearson
_c2017
942 _2ddc
_cBK